000 01344cam a2200373 a 4500
001 15551622
003 EG-ScBUE
005 20241110100714.0
006 m||||fq||h 00| 0
008 081210t2009 maua f 001 0 eng d
020 _a9780123704832 (hardcover : alk. paper)
020 _a0123704839 (hardcover : alk. paper)
040 _aEG-ScBUE
_beng
_erda
_cEG-ScBUE
_dEG-ScBUE
082 0 4 _a519.2
_222
_bROS
100 1 _aRoss, Sheldon M.,
_eauthor.
_99098
245 1 0 _aIntroduction to probability and statistics for engineers and scientists /
_cSheldon M. Ross, Department of Industrial Engineering and Operations Research, University of California, Berkeley.
250 _aFourth edition.
264 1 _aBurlington, MA :
_bElsevier Academic Press,
_c[2009]
264 4 _cc2009
300 _axv, 664 pages :
_billustrations (some color) ;
_c25 cm +
_e1 CD
336 _2rdacontent
_atext
_btxt
336 _2rdacontent
_asounds
_bsnd
337 _aunmediated
_2rdamedia
_bn
337 _ardamedia
_2audio
_bs
338 _avolume
_bnc
_2rdacarrier
338 _acomputer disc
_bcd
_2rdacarrier
500 _aIncludes index.
500 _aIncludes appendix.
650 7 _aProbabilities.
_2BUEsh
_99099
650 7 _aMathematical statistics.
_2BUEsh
_99100
653 _cSeptember2013
655 _vReading book
942 _2ddc
_cBB
999 _c12841
_d12841